000 03713cam a2200901 i 4500
001 40683
003 Mx-PuUPA
005 20250813115225.0
008 140415s1991 mx a gr 001 0dspa d
020 _a9681901142
_qedición mexicana, Grandes Clásicos
040 _cMx-PuUPA
_aMx-PuUPA
_bspa
_dMx-PuUPA
_erda
041 1 _aspa
_hund
100 1 _aWilde, Oscar,
_d1854-1900
_97752
_eautor
245 1 0 _aOscar Wilde :
_bobras completas /
_cOscar Wilde ; recopilación, traducción, prefacio y notas explicativas, Julio Gómez de la Serna
250 _aPrimera edición en México /
_bnoviembre
260 _a
_b
_c
264 1 _aMéxico, D.F. :
_bM. Aguilar Editor,
_c1991
300 _a1319 páginas :
_bilustraciones (blanco y negro) ;
_c19 cm
336 _2rdacontent
_atexto
_btxt
337 _2rdamedia
_asin medio
_bn
338 _2rdacarrier
_avolumen
_bnc
490 0 _aColección Grandes Clásicos
600 1 4 _2armarc
_aWilde, Oscar
_d1854-1900
_vCrítica e interpretación
650 7 _2armarc
_aCuentos ingleses
_x
650 7 _2armarc
_aDrama inglés
650 7 _2armarc
_aNovela inglesa
650 7 _2armarc
_aProsa inglesa
655 4 _aNovela inglesa
700 1 _aGómez de la Serna, Julio,
_erecopilador
_etraductor
_eautor de prefacio
_eautor de notas explicativas
700 1 2 _aWilde, Oscar,
_t[The picture of Dorian Grey],
_lEspañol
700 1 2 _aWilde, Oscar,
_t[Lord Arthur Savile's Crime],
_lEspañol
700 1 2 _aWilde, Oscar,
_t[The portrait of Mr. W. H.],
_lEspañol
700 1 2 _aWilde, Oscar,
_t[The Canterville Ghost],
_lEspañol
700 1 2 _aWilde, Oscar,
_t[The orange peel],
_lEspañol
700 1 2 _aWilde, Oscar,
_t[Old Bishop],
_lEspañol
700 1 2 _aWilde, Oscar,
_t[A woman of no importance],
_lEspañol
700 1 2 _aWilde, Oscar,
_t[An ideal husband],
_lEspañol
700 1 2 _aWilde, Oscar,
_t[Lady Windermere's Fan],
_lEspañol
700 1 2 _aWilde, Oscar,
_t[The importance of being Earnest, a trivial comedy for serious people],
_lEspañol
700 1 2 _aWilde, Oscar,
_t[Vera; or, The Nihilists],
_lEspañol
700 1 2 _aWilde, Oscar,
_t[Salome],
_lEspañol
700 1 2 _aWilde, Oscar,
_t[A florentine tragedy],
_lEspañol
700 1 2 _aWilde, Oscar,
_t[The Duchess of Padua],
_lEspañol
700 1 2 _aWilde, Oscar,
_t[Ballad of Reading Gaol],
_lEspañol
700 1 2 _aWilde, Oscar,
_t[Poems in prose],
_lEspañol
700 1 2 _aWilde, Oscar,
_t[The Critic as Artist],
_lEspañol
700 1 2 _aWilde, Oscar,
_t[The decay of lying - an observation],
_lEspañol
700 1 2 _aWilde, Oscar,
_t[Pen, pencil and poison],
_lEspañol
700 1 2 _aWilde, Oscar,
_t[The truth of mask],
_lEspañol
740 3 2 _aEl retrato de Dorian Grey
740 3 2 _aEl crimen de lord Arturo Savile
740 3 2 _aEl fantasma de Canterville
740 3 2 _aLa piel de naranja
740 3 2 _aOld Bishop
740 3 2 _aUna mujer sin importancia
740 3 2 _aUn marido ideal
740 3 2 _aEl abanico de lady Windermere
740 3 2 _aLa importancia de llamarse Ernesto
740 3 2 _aVera o los nihilistas
740 3 2 _aSalomé
740 3 2 _aUna tragedia florentina
740 3 2 _aLa duquesa de Padua
740 3 2 _aFragmentos de obras
740 3 2 _aBalada de la cárcel de Reading
740 3 2 _aPoemas en prosa
740 3 2 _aOtros poemas
740 3 2 _aEl crítico artista
740 3 2 _aLa decadencia de la mentira
740 3 2 _aPluma, lápiz y veneno
740 3 2 _aLa verdad de las máscaras
740 3 2 _aConferencias
740 3 2 _aArtículos
740 3 2 _aPáginas de autocrítica
942 _2ddc
_cLI
_h828.809
_iW6618
999 _c40683
_d40683